000 00473nam a2200157 4500
999 _c5425
_d5425
008 161102b xxu||||| |||| 00| 0 eng d
022 _a9770118389007
082 _aDPer 641.05 F73 Mar-Nov 2012
100 _916718
_aFenix, Michaela
245 _aChinn in ho chi minh/
_cMichaela Fenix.
260 _aQuezon City:
_bABS CBN Publishing, Inc.,
_c©2012.
300 _apages 62-65;
_c30 cm.
500 _aFood.
650 0 _916719
_aCooking
_xChef
942 _2ddc
_cPER